Windows performance analysis field guide / (Record no. 18832)

MARC details
000 -LEADER
fixed length control field 01045cam a2200301 i 4500
005 - DATE AND TIME OF LATEST TRANSACTION
control field 20230705144603.0
008 - FIXED-LENGTH DATA ELEMENTS--GENERAL INFORMATION
fixed length control field 140530s2014 ne a 001 0 eng
010 ## - LIBRARY OF CONGRESS CONTROL NUMBER
LC control number 2014017844
020 ## - INTERNATIONAL STANDARD BOOK NUMBER
ISBN 9780124167018 (pbk)
040 ## - CATALOGING SOURCE
Original cataloging agency DLC
Language of cataloging eng
Transcribing agency DLC
Description conventions rda
Modifying agency DLC
042 ## - AUTHENTICATION CODE
Authentication code pcc
082 00 - DEWEY DECIMAL CLASSIFICATION NUMBER
Classification number 004.36
Edition number 23
Item number HUF-W
100 1# - MAIN ENTRY--AUTHOR
Author Name Huffman, Clint,
245 10 - TITLE STATEMENT
Title Windows performance analysis field guide /
Statement of responsibility, etc. Clint Huffman.
260 ## - PUBLICATION, DISTRIBUTION, ETC.
Place of Publication USA
Name of publisher, distributor, etc. Huffman
Date of publication, distribution, etc. 2015
300 ## - PHYSICAL DESCRIPTION
Pages xxv, 349 pages :
336 ## - CONTENT TYPE
Content type term text
Content type code txt
Source rdacontent
337 ## - MEDIA TYPE
Media type term unmediated
Media type code n
Source rdamedia
338 ## - CARRIER TYPE
Carrier type term volume
Carrier type code nc
Source rdacarrier
500 ## - GENERAL NOTE
General note Includes index.
650 #0 - SUBJECT ADDED ENTRY--TOPICAL TERM
Subject / Department Windows (Computer programs)
650 #0 - SUBJECT ADDED ENTRY--TOPICAL TERM
Subject / Department Debugging in computer science.
650 #0 - SUBJECT ADDED ENTRY--TOPICAL TERM
Subject / Department Client/server computing
General subdivision Equipment and supplies.
264 #1 - PRODUCTION, PUBLICATION, DISTRIBUTION, MANUFACTURE, AND COPYRIGHT NOTICE
Place of production, publication, distribution, manufacture Amsterdam ;
-- Boston :
Name of producer, publisher, distributor, manufacturer Elsevier, Syngress,
Date of production, publication, distribution, manufacture, or copyright notice [2014]
300 ## - PHYSICAL DESCRIPTION
-- illustrations ;
-- 23 cm
906 ## - LOCAL DATA ELEMENT F, LDF (RLIN)
a 7
b cbc
c orignew
d 1
e ecip
f 20
g y-gencatlg
952 ## - LOCATION AND ITEM INFORMATION (KOHA)
-- 0
-- 0
Holdings
Lost status Damaged status Permanent Location Current Location Shelving Location Date acquired Full Call Number Accession No./Barcode Date last seen item type
    Superior Information Resource Center (SIRC) Superior University- Gold Campus Superior Information Resource Center (SIRC) Superior University- Gold Campus Operating Systems 07/05/2023 004.36 HUF-W 2015 19396 07/05/2023 BOOK

Powered by Koha